00319nam a2200121Ia 4500008004100000020001500041041001200056100001700068245005000085260004000135300000800175650001400183221030s9999 xx 000 0 und d a0070667266 aEnglish aG. A. V. Pai 0aData Structures & Algorithmscby G. A. V. Pai bMcGraw - Hill Pub.aNew Delhic2014 a461 aComputers